|
|
|
|
| LEADER |
00000nam0a2200000 4500 |
| 001 |
80950 |
| 005 |
20231101213136.0 |
| 035 |
|
|
|a (RuTPU)RU\TPU\book\87023
|
| 090 |
|
|
|a 80950
|
| 100 |
|
|
|a 20050914d1960 m y0rusy50 ca
|
| 101 |
0 |
|
|a rus
|
| 102 |
|
|
|a RU
|
| 105 |
|
|
|a a z 001zy
|
| 200 |
1 |
|
|a Ниобий и тантал
|e сборник статей
|f под ред. О .П. Колчина
|
| 210 |
|
|
|a Москва
|c Изд-во иностранной литературы
|d 1960
|
| 215 |
|
|
|a 486 с.
|c ил.
|
| 300 |
|
|
|a На переплете: Редкие металлы
|
| 320 |
|
|
|a Библиогр.: с. 472-479
|
| 606 |
1 |
|
|a Ниобий
|x Химия
|2 stltpush
|3 (RuTPU)RU\TPU\subj\46266
|9 65432
|
| 606 |
1 |
|
|a Тантал
|x Химия
|2 stltpush
|3 (RuTPU)RU\TPU\subj\58566
|9 76345
|
| 610 |
1 |
|
|a сборники
|
| 610 |
1 |
|
|a применение
|
| 610 |
1 |
|
|a свойства
|
| 610 |
1 |
|
|a взаимодействие
|
| 610 |
1 |
|
|a химическая технология
|
| 610 |
1 |
|
|a металлургия
|
| 610 |
1 |
|
|a обработка
|
| 610 |
1 |
|
|a сварка
|
| 610 |
1 |
|
|a сплавы
|
| 610 |
1 |
|
|a покрытия
|
| 675 |
|
|
|a 546.88
|v 3
|
| 675 |
|
|
|a 669.29
|v 3
|
| 702 |
|
1 |
|a Колчин
|b О .П.
|4 340
|
| 801 |
|
1 |
|a RU
|b 63413507
|c 20050914
|g PSBO
|
| 801 |
|
2 |
|a RU
|b 63413507
|c 20160406
|g PSBO
|
| 942 |
|
|
|c BK
|